Estações do Metro do Porto (Com Mapa) - Statistics

Estatísticas Gerais
  • Esse quiz foi jogado 23 vezes
  • A pontuação média é 41 de 85
Respostas no mapa
Respostas codificadas por cores de uma escala verde-vermelha no mapa do quiz de acordo com a % correta abaixo.
 
Estatísticas das Respostas
Resposta % Correto
Trindade
94%
Campanhã
88%
Pólo Universitário
88%
Casa da Música
81%
Estádio do Dragão
81%
Fânzeres
81%
Hospital São João
81%
Aliados
75%
Bolhão
75%
Carolina Michaelis
75%
IPO
75%
NorteShopping / Sete Bicas
75%
Campo 24 de Agosto
69%
Combatentes
69%
Salgueiros
69%
São Bento
69%
Senhora da Hora
69%
Senhor de Matosinhos
69%
Vila do Conde
69%
Aeroporto
63%
General Torres
63%
Heroísmo
63%
Jardim do Morro
63%
Santo Ovídio
63%
Vila d'Este
63%
Árvore
56%
Contumil
56%
D. João II
56%
Estádio do Mar
56%
Faria Guimarães
56%
Francos
56%
Marquês
56%
Póvoa de Varzim
56%
Via Rápida / Viso
56%
Câmara de Gaia
50%
ISMAI
50%
João de Deus
50%
Lapa
50%
Matosinhos Sul
50%
Pedro Hispano
50%
Ramalde
50%
Rio Tinto
50%
VC Fashion Outlet / Modivas
50%
Brito Capelo
44%
Câmara Matosinhos
44%
Custóias
44%
Hospital Santos Silva
44%
Manuel Leão
44%
Mercado
44%
Vasco da Gama
44%
Verdes
44%
Azurara
38%
Baguim
38%
Botica
38%
Castêlo da Maia
38%
Fonte do Cuco
38%
Fórum Maia
38%
Mindelo
38%
Nasoni
38%
Parque de Real
38%
Araújo
31%
Custió
31%
Esposade
31%
Lidador
31%
Modivas Sul
31%
Parque Maia
31%
Pedras Rubras
31%
Venda Nova
31%
Campainha
25%
Crestins
25%
Mandim
25%
Modivas Centro
25%
Nau Vitória
25%
Portas Fronhas
25%
São Brás
25%
Vilar de Pinheiro
25%
Zona Industrial
25%
Cândido dos Reis
19%
Carreira
19%
Espaço Natureza
19%
Levada
19%
Pias
19%
Santa Clara
19%
Varziela
19%
Alto de Pega
13%
Nenhum quiz correspondente encontrado
Distribuição das Pontuações
Porcentagem de Pessoas com Cada Pontuação
Percentil de Números Respondidos
Sua Pontuação Histórica
Você não jogou esse quiz